Piccadilly Jim (Record no. 9542)

MARC details
000 -CABECERA
campo de control de longitud fija 00622nam a2200217 a 4500
001 - NÚMERO DE CONTROL
campo de control BRL_730
005 - FECHA Y HORA DE LA ÚLTIMA TRANSACCIÓN
campo de control 20190320210854.0
008 - DATOS DE LONGITUD FIJA--INFORMACIÓN GENERAL
campo de control de longitud fija 300913s19uu----enk#######---#000-1#eng-#
041 ## - CÓDIGO DE LENGUA
Código de lengua del texto/banda sonora o título independiente eng
044 ## - CÓDIGO DEL PAÍS DE LA ENTIDAD EDITORA/PRODUCTORA
Código MARC del país enk
050 #4 - SIGNATURA TOPOGRÁFICA DE LA BIBLIOTECA DEL CONGRESO
Número de clasificación PR6045.O53
Número de documento/Ítem .W64 1900
100 1# - ENTRADA PRINCIPAL--NOMBRE DE PERSONA
Nombre de persona Wodehouse, P. G.
Fechas asociadas al nombre 1881-1975
Forma completa/desarrollada del nombre (Pelham Grenville)
9 (RLIN) 24775
245 10 - MENCIÓN DE TÍTULO
Título Piccadilly Jim
Mención de responsabilidad, etc. by P.G. Wodehouse.
260 ## - PUBLICACIÓN, DISTRIBUCIÓN, ETC.
Lugar de publicación, distribución, etc. London
Nombre del editor, distribuidor, etc. Herbert Jenkins limited
Fecha de publicación, distribución, etc. [19--]
300 ## - DESCRIPCIÓN FÍSICA
Extensión 316 p.
Dimensiones 17 cm.
500 ## - NOTA GENERAL
Nota general Au823
500 ## - NOTA GENERAL
Nota general Estado físico: Rasgadura en la parte superior del lomo.
650 14 - PUNTO DE ACCESO ADICIONAL DE MATERIA--TÉRMINO DE MATERIA
Término de materia o nombre geográfico como elemento de entrada Literatura inglesa
9 (RLIN) 24776
902 ## - CATALOGADOR
Iniciales GRL
942 ## - ELEMENTOS DE PUNTO DE ACCESO ADICIONAL (KOHA)
Fuente del sistema de clasificación o colocación Library of Congress Classification
Tipo de ítem Koha Libros
Holdings
Estado de retiro Estado de pérdida Estado dañado No para préstamo Localización permanente Ubicación/localización actual Fecha de adquisición Número de inventario Total de préstamos Signatura topográfica completa Código de barras Fecha visto por última vez Precio válido a partir de Tipo de ítem Koha
El ejemplar forma parte de la colección y puede ser consultado según las políticas vigentes.       Biblioteca Centro de Estudios Ruth D. Lechuga Biblioteca Centro de Estudios Ruth D. Lechuga 30/09/2013 Au823   PR6045.O53 .W64 1900 (Au823) GRL00800 22/03/2019 22/03/2019 Libros